Silencing STAT3 may inhibit cell growth through regulating signaling pathway, telomerase, cell cycle, apoptosis and angiogenesis in hepatocellular carcinoma: potential uses for gene therapy

Bibliographic Details
Main Authors: Qu, B. (Author), Xing, H. (Author), Liu, B. R. (Author), Yin, J. M. (Author), Gao, S. L. (Author), Wang, X. F. (Author), Wang, X. H. (Author), Cheng, Y. Q. (Author)
Format: Article
Language:English

MARC

LEADER 00000nab a2200000ua 4500
001 vtls010829870
003 SK-MaSNL
005 20260303182954.0
008 230222s2011 xo |||||||||||||||||eng|
035 |a (urnnbn)urn:nbn:sk:snk:ar-a06g4o 
035 |a urn:nbn:sk:snk-ab5v4n 
035 |a (uuid)23a0b9c7-2d6a-4322-a196-28ba8701eccb 
040 |a SNKBUCL  |b slo  |c SNKBUCL  |e AACR2 
041 0 |a eng 
044 |a xo  |c SK 
100 1 |a Qu, B.  |4 aut  |9 1211604 
245 1 0 |a Silencing STAT3 may inhibit cell growth through regulating signaling pathway, telomerase, cell cycle, apoptosis and angiogenesis in hepatocellular carcinoma: potential uses for gene therapy  |c B. Qu, H. Xing, B. R. Liu, J. M. Yin, S. L. Gao, X. F. Wang, X. H. Wang, Y. Q. Cheng 
700 1 |a Xing, H.  |4 aut  |9 1211605 
700 1 |a Liu, B. R.  |4 aut  |9 1211606 
700 1 |a Yin, J. M.  |4 aut  |9 1211607 
700 1 |a Gao, S. L.  |4 aut  |9 1211608 
700 1 |a Wang, X. F.  |4 aut  |9 1211609 
700 1 |a Wang, X. H.  |4 aut  |9 1207620 
700 1 |a Cheng, Y. Q.  |4 aut  |9 1210380 
773 0 |t Neoplasma : journal of experimental and clinical oncology  |g Roč. 58, č. 2 (2011), s. 158-164 
958 |a OND 
958 |a EUIPO 
958 |a article5 
999 |c 2118901  |d 2120831